| 000 | 00483nam a2200193Ia 4500 | ||
|---|---|---|---|
| 003 | OSt | ||
| 005 | 20220927114239.0 | ||
| 006 | a|||||r|||| 00| 0 | ||
| 007 | ta | ||
| 008 | 220926b |||||||| |||| 00| 0 eng d | ||
| 024 | _a149833 | ||
| 037 | _cTextbook | ||
| 040 |
_aRTL _cRTL _beng |
||
| 041 |
_2eng _aeng |
||
| 100 |
_aPAULICW _9387819 |
||
| 245 | 0 | _aInfluence of Archatypal ideas on the scientific theories of Kepler | |
| 942 | _cCC | ||
| 999 |
_c703671 _d703671 |
||